Alternativas jurd̕icas al tratamiento penal de la delincuencia habitual

Bibliographic Details
Main Author: Martn̕ez Mora, Gema
Format: Book
Language:Spanish
Published: Barcelona : J. M. Bosch, 2015
Subjects:
Online Access:Acceso restringido

MARC

LEADER 00000nam a2200000 a 4500
005 20150706170252.0
007 cr|||| ||||
008 150326s2015 spc b 000 0 spa c
017 |a DL B. 3918-2015  |b Biblioteca de Catalunya 
020 |a 9788494302343  
035 |a 12731 
040 |a vLex 
080 |a 343.91-053.6(460) 
090 |c 5468  |d 5468 
100 1 |a Martn̕ez Mora, Gema 
245 1 0 |a Alternativas jurd̕icas al tratamiento penal de la delincuencia habitual   |h [Recurso electrn̤ico] /  |c Gema Martn̕ez Mora 
256 |a Servicio en ln̕ea 
260 |a Barcelona :  |b J. M. Bosch,  |c 2015 
300 |a 1 recurso electrn̤ico 
500 |a El tratamiento del delincuente peligroso ha sido sin lugar a dudas uno de los mayores quebraderos de cabeza de la polt̕ica criminal de los Estados, hallǹdose desde largo tiempo atrs̀ inmersos en una bs︢queda incesante de soluciones legislativas p̤timas para responder al problema del peligro de la reiteracin̤ delictiva y de soluciones que deben conjugar dos requisitos de inexcusable cumplimento: de un lado, garantizar la paz social y los derechos fundamentales de los ciudadanos, evitando los riesgos derivados de la reiteracin̤ delictiva del delincuente una vez cumplida condena y de otro lado la obediencia al mandato constitucional previsto en el artc̕ulo 25.2 de la Constitucin̤, orientando las penas privativas de libertad y las medidas de seguridad a la reinsercin̤ y la rehabilitacin̤ social del delincuente; No obstante, es una realidad que no todas las penas privativas de libertad, con independencia de su duracin̤, finalmente pueden responder a tal exigencia de reeducacin̤ y reinsercin̤ social, prevista en el mencionado artc̕ulo de la Constitucin̤. En el presente libro se aborda las alternativas jurd̕icas al tratamiento penal de la delincuencia habitual, analizando las actuales respuestas ofrecidas por el ordenamiento jurd̕ico frente al problema de la delincuencia habitual: Las medidas de seguridad postdelictuales, centrando el estudio en la libertad vigilada y la necesidad de desarrollo legal en mejoras tčnicas para su efectiva aplicacin̤, as ̕como las respuestas ofrecidas por el derecho comparado y por l︢timo la posible implantacin̤ en nuestro ordenamiento jurd̕ico de la figura de la prisin̤ permanente revisable, acorde a los principios constitucionales es decir, imponer la pena de prisin̤ permanente para su cumplimiento efectivo e n̕tegro, aunque revisable, cada cierto tiempo atendiendo a la situacin̤ del recluso y su peligrosidad, y en caso de ofrecer un prons̤tico favorable de reinsercin̤, concretar la pena a una duracin̤ determinada, sin perjuicio de la aplicacin̤ de los beneficios penitenciarios de los que sea merecedor durante el tiempo de duracin̤ de la condena. ¿Conculcara̕ esta opcin̤ los fines resocializadores previstos en el artc̕ulo 25.2 de la C.E, segn︢ los presupuestos de su legt̕ima imposicin̤ en un Estado de Derecho? 
504 |a Bibliografia: p. [229]-241 
506 0 4 |a Contenido disponible en los productos indicados  |d vLex Global  |d vLex Global (Academic Edition, excluding Law Schools)  |d vLex Global (U.S. Academic Edition, Law Schools)  |d vLex Global (U.S. Academic Edition, excluding Law Schools)  |d vLex Global (Academic Edition, Law Schools) 
650 0 4 |a Encarcelamiento  |z Espaą 
650 0 4 |a Derecho penitenciario  |x Legislacin̤  |z Espaą 
650 0 4 |a Derecho penal  |z Espaą 
650 0 4 |a Encarcelamiento  |x Alternativas  |z Espaą 
650 0 4 |a Libertad vigilada  |z Espaą 
650 0 4 |a Delincuentes  |x Rehabilitacin̤  |z Espaą 
740 0 |a vLex Libros (Servicio en ln̕ea) 
856 4 0 |z Acceso restringido  |u http://vlex.com/source/alternativas-juridicas-al-tratamiento-penal-de-la-delincuencia-habitual-12731 
942 |c BOOK 
999 0 |a Imprisonment 
999 0 |a Correctional law 
999 0 |a Criminal law